<?xml version="1.0" encoding="UTF-8"?>
<collection xmlns="http://www.loc.gov/MARC21/slim">
 <record>
  <leader>00415pamaa2200133   4500</leader>
  <controlfield tag="001">0000024710</controlfield>
  <controlfield tag="005">20061116090000.0</controlfield>
  <datafield tag="020" ind1="0" ind2="0">
   <subfield code="a">0727840045 </subfield>
  </datafield>
  <datafield tag="090" ind1="0" ind2="0">
   <subfield code="a">PS648.S5 </subfield>
   <subfield code="b">MAS 1967</subfield>
  </datafield>
  <datafield tag="245" ind1="0" ind2="0">
   <subfield code="a">MASQUES two  </subfield>
   <subfield code="c">edited by J.N. Williamson.</subfield>
  </datafield>
  <datafield tag="260" ind1="0" ind2="0">
   <subfield code="a">wallington: </subfield>
   <subfield code="b">Severn House Pub., </subfield>
   <subfield code="c">1967.</subfield>
  </datafield>
  <datafield tag="300" ind1=" " ind2=" ">
   <subfield code="a">221p.; </subfield>
   <subfield code="c">24cm.</subfield>
  </datafield>
  <datafield tag="650" ind1="0" ind2="0">
   <subfield code="a">Horror short stories in Englishh. American writers, 1945 -- </subfield>
   <subfield code="x">Anthologies </subfield>
  </datafield>
  <datafield tag="700" ind1="1" ind2="1">
   <subfield code="a">Williamson, </subfield>
   <subfield code="h">J.N. </subfield>
  </datafield>
 </record>
</collection>
